000 00738nam a2200241 a 4500
008
020 _a0070521646 (hbk.)
049 _aMAIN
090 0 _aTS184
245 0 0 _aStandard handbook of plant engineering /
_cRobert C. Rosaler, editor in chief.
250 _a2nd ed.
260 _aNew York :
_bMcGraw-Hill,
_cc1995.
300 _axvii, (various pagings) :
_bill. ;
_c24 cm.
500 _aIncludes index
504 _aIncludes bibliographical references.
650 0 _aPlant engineering
_xHandbooks, manuals, etc.
700 1 _aRosaler, Robert C.
907 _a.b1010897x
_b23-01-07
_c03-02-04
003
005 20230123133615.0
040 _cNUST
942 _cBOOKS
_kTS184
999 _c151532
_d151532